00354 a2200121 4500001000700000020002200007040001100029100003100040240007500071245007000146300000700216362000900223192968 a978-85-96-00836-8 cMagnum aAlves, Januária Cristina10aO saci-pererê e outras figuras traquinas do folclore brasileirolpor10aO saci-pererê e outras figuras traquinas do folclore brasileiro a460 a2017